000 00404nam a2200181Ia 4500
001 1312
005 20260306143719.0
008 260306t2008||||xx |||||||||||||| ||spa||
041 _aESP
082 _a193
_bK21T
100 _aKant, Immannuel
_eAUT
245 0 _aTeoría y praxis
260 _c2008
300 _a88 páginas :
_c20 cm.
650 _aGEN
654 _aCHU
942 _cLIB
_dJUS
_fJUS
_2ddc
_n
999 _c1312
_d1312